00609nam a2200169Ia 4500003000900000008004100009020002200050040001600072080002000088100001700108245012200125260004000247300001500287650004100302650005800343650003800401IN-BaIIA211028s9999 xx 000 0 eng d a978-0-470-19040-1 cIIA Library a621.396.67bSAR aSarkar, T. K 0aPhysics of multiantenna systems and broadband processingcT. K Sarkar  aNew JerseybJohn Wiley & Sonsc2008 axxi, 562p. aAntenna arrays - mathematical models aBroadband communication systems - mathematical models aMIMO systems - mathematical model